000 01036nam a22002297a 4500
003 OSt
005 20260424173922.0
008 240830b ||||| |||| 00| 0 eng d
040 _c0
082 _aDPer 647.94068 In821 January-December 2019 v. 20 n. 1-4
100 _aKubickova, Marketa.
_eauthor.
_959628
245 _aRole of destination competitiveness and national corruption in hotel performance :
_ba study of developing economies of Central America /
_cMarketa Kubickova, and Scott J. Smith.
260 _aUnited Kingdom ;
_bTaylor & Francis Group ,
_cJuly-September 2019.
300 _aVolume 20, pages 354-377 :
_billustration ;
_c25 cm.
500 _aInternational Journal of Hospitality & Tourism Administration, vol. 20, no. 3, pages 354-377, July-September 2019.
650 0 _aHotel performance.
_964787
650 0 _aDestination competitiveness.
_964789
650 0 _aNational corruption.
_964790
700 _aKubickova, Marketa.
_eauthor.
_959628
700 _aSmith, Scott J.
_eauthor.
_959629
942 _2ddc
_cPER
999 _c21126
_d21126